|
|
|
|
| LEADER |
01494nam a22003257a 4500 |
| 001 |
34245 |
| 003 |
BD-DhAAL |
| 005 |
20211110120631.0 |
| 008 |
190206t2018 xxua b 001 0 eng d |
| 999 |
|
|
|c 40318
|d 40318
|
| 020 |
|
|
|a 9781985086593
|
| 040 |
|
|
|a BD-DhAAL
|
| 082 |
|
|
|a 005.43
|2 22
|
| 100 |
|
|
|a Arpaci-Dusseau, Remzi H.
|9 9036
|
| 245 |
|
|
|a Operating systems :
|b three easy pieces /
|c Remzi H. Arpaci-Dusseau, Andrea C., Arpaci-Dusseau
|
| 246 |
|
|
|a Three easy pieces
|
| 250 |
|
|
|a Version 1.00
|
| 260 |
|
|
|a [Place of publication not identified] :
|b Arpaci-Dusseau Books LLC,
|c 2018
|
| 300 |
|
|
|a xxx, 676 pages :
|b illustrations ;
|c 23 cm
|
| 504 |
|
|
|a Includes bibliographical references and index
|
| 526 |
|
|
|a CSE
|
| 541 |
|
|
|a Hye Trade International
|e 34245, 34246
|
| 650 |
|
|
|a Operating systems (Computers).
|9 7572
|
| 650 |
|
|
|a Systems programming (Computer science).
|9 29887
|
| 650 |
|
|
|a Computer science.
|9 42481
|
| 700 |
|
|
|a Arpaci-Dusseau, Andrea C.
|9 29888
|
| 852 |
|
|
|a Ayesha Abed Library
|c General Stacks
|
| 942 |
|
|
|2 ddc
|c BK
|
| 952 |
|
|
|0 0
|1 0
|2 ddc
|4 0
|6 005_430000000000000_ARP
|7 0
|9 64976
|a BRACUL
|b BRACUL
|c GEN
|d 2019-01-30
|e Hye Trade International
|g 3888.00
|l 7
|m 61
|o 005.43 ARP
|p 3010034246
|q 2026-02-05
|r 2025-07-01
|s 2025-07-01
|t 2
|v 3888.00
|w 2019-01-30
|y BK
|
| 952 |
|
|
|0 0
|1 0
|2 ddc
|4 0
|6 005_430000000000000_ARP
|7 0
|9 64977
|a BRACUL
|b BRACUL
|c GEN
|d 2019-01-30
|e Hye Trade International
|g 3888.00
|l 7
|m 77
|o 005.43 ARP
|p 3010034245
|q 2026-05-21
|r 2025-10-14
|s 2025-10-14
|t 1
|v 3888.00
|w 2019-01-30
|y BK
|